Forced to move : (Record no. 367)
[ view plain ]
| 000 -LEADER | |
|---|---|
| fixed length control field | 00894cam a2200241 a 4500 |
| 001 - CONTROL NUMBER | |
| control field | 16176639 |
| 005 - DATE AND TIME OF LATEST TRANSACTION | |
| control field | 20240212002441.0 |
| 008 - FIXED-LENGTH DATA ELEMENTS--GENERAL INFORMATION | |
| fixed length control field | 100408s2009 ce a b 000 0 eng |
| 020 ## - INTERNATIONAL STANDARD BOOK NUMBER | |
| ISBN | 9789551040550 |
| 040 ## - CATALOGING SOURCE (பட்டியலாக்க மூலம்) | |
| Original cataloging agency | DLC |
| Transcribing agency | DLC |
| Modifying agency | DLC |
| 082 ## - DDC Classification | |
| DDC Edition Number | 22 |
| Class No. | 307.2 |
| 245 10 - TITLE STATEMENT | |
| Title | Forced to move : |
| Remainder of title | involuntary displacement and resettlement : policy and practice / |
| Statement of responsibility, etc. | edited by Priyanthi Fernando, Karin Fernando, and Mansi Kumarasiri. |
| 260 ## - PUBLICATION, DISTRIBUTION, ETC. | |
| Place of publication, distribution, etc. | Colombo : |
| Name of publisher, distributor, etc. | Centre for Poverty Analysis, |
| Date of publication, distribution, etc. | 2009. |
| 300 ## - PHYSICAL DESCRIPTION | |
| Extent (e.g. Volumes, Pages etc.) | ix, 209 p. : |
| 500 ## - GENERAL NOTE | |
| General note | "9th Annual Symposium on Poverty Research in Sri Lanka; supported by Friedrich-Ebert-Stiftung and the World Bank." |
| 650 #0 - SUBJECT ADDED ENTRY--TOPICAL TERM | |
| Topical term or geographic name entry element | Internally displaced persons |
| 650 #0 - SUBJECT ADDED ENTRY--TOPICAL TERM | |
| Topical term or geographic name entry element | Economic development projects |
| 650 #0 - SUBJECT ADDED ENTRY--TOPICAL TERM | |
| Topical term or geographic name entry element | Forced migration |
| 700 1# - ADDED ENTRY--PERSONAL NAME | |
| Personal name | Fernando, Priyanthi. |
| Relator term (Role) | Editor |
| 700 1# - ADDED ENTRY--PERSONAL NAME | |
| Personal name | Fernando, Karin. |
| Relator term (Role) | Editor |
| 700 1# - ADDED ENTRY--PERSONAL NAME | |
| Personal name | Kumarasiri, Mansi. |
| Relator term (Role) | Editor |
| 942 ## - Koha item type (Biblio) | |
| Koha item type | Books in Stacks (Lending) |
| Lost status | Damaged status | Collection code | Home library | Current library | Date acquired | Full call number | Accession Number | Item type |
|---|---|---|---|---|---|---|---|---|
| Lending | WERC Library | WERC Library | 02/12/2024 | 307.2 | 7003 | Books in Stacks (Lending) |
